000 00777nam a2200205Ia 4500
003 GCL
008 140319s9999 xx 000 0 ara d
040 _aGCL /
_cGCL
082 0 4 _a384
_bع ع
100 1 _aعماد الدين خلف الحسينى
245 1 0 _aعلم الاتصالات بين الماضى والحاصر والمستقبل /
_cعماد الدين خلف الحسينى
250 _aالاولى
260 _aالقاهرة :
_bمركز الاهرام للترجمة والنشر ،
_c2000
300 _a119 ص ؛
_c19 سم
650 0 4 _aالاتصالات
650 0 4 _aالاتصالات السلكية واللاسلكية
650 0 4 _aالتليفون
650 0 4 _aالاتصالات عبر الاقمار الصناعية
942 _2ddc
_cBK
999 _c1377
_d1377